History Quiz

Random History Quiz
Score 0/77 Timer 10:00
0 Plays Today
Area Answer % Correct
Edinburgh & the LothiansEdinburgh Castle
100%
Central & WestStirling Castle
91.8%
Orkney Islands & ShetlandSkara Brae Prehistoric Village
90.4%
Edinburgh & the LothiansLinlithgow Palace
87.7%
Edinburgh & the LothiansBlackness Castle
86.3%
Edinburgh & the LothiansCraigmillar Castle
86.3%
Glasgow, Clyde & AyrshireGlasgow Cathedral
84.9%
North & GrampianUrquhart Castle
84.9%
Edinburgh & the LothiansTantallon Castle
80.8%
The Scottish BordersJedburgh Abbey
79.5%
The Scottish BordersMelrose Abbey
79.5%
North & GrampianFort George
79.5%
Dumfries & GallowayCaerlaverock Castle
76.7%
Central & WestDoune Castle
76.7%
Edinburgh & the LothiansDirleton Castle and Gardens
75.3%
The Scottish BordersDryburgh Abbey
75.3%
The Kingdom of FifeAberdour Castle and Gardens
75.3%
The Kingdom of FifeSt Andrews Cathedral
75.3%
The Kingdom of FifeSt Andrews Castle
72.6%
Orkney Islands & ShetlandMaeshowe Chambered Cairn
72.6%
Orkney Islands & ShetlandJarlshof Prehistoric and Norse Settlement
71.2%
North & GrampianElgin Cathedral
69.9%
Central & WestCastle Campbell and Gardens
68.5%
Edinburgh & the LothiansInchcolm Abbey and Island
65.8%
Central & WestIona Abbey and Nunnery
65.8%
Glasgow, Clyde & AyrshireDumbarton Castle
64.4%
Perthshire, Kinross & AngusArbroath Abbey
64.4%
Perthshire, Kinross & AngusHuntingtower Castle
63%
Perthshire, Kinross & AngusLochleven Castle
63%
Perthshire, Kinross & AngusElcho Castle
61.6%
Edinburgh & the LothiansSeton Collegiate Church
60.3%
Dumfries & GallowayThreave Castle
58.9%
The Kingdom of FifeDunfermline Abbey and Palace
58.9%
The Scottish BordersHermitage Castle
57.5%
The Scottish BordersSmailholm Tower
57.5%
North & GrampianSpynie Palace
57.5%
Dumfries & GallowayNew Abbey Corn Mill
56.2%
Dumfries & GallowaySweetheart Abbey
56.2%
Central & WestInchmahome Priory
56.2%
Area Answer % Correct
Edinburgh & the LothiansCrichton Castle
54.8%
Glasgow, Clyde & AyrshireBothwell Castle
54.8%
Central & WestDunblane Cathedral
54.8%
Central & WestDunstaffnage Castle and Chapel
54.8%
Orkney Islands & ShetlandBroch of Gurness
54.8%
Edinburgh & the LothiansCairnpapple Hill
53.4%
North & GrampianHuntly Castle
53.4%
The Western IslesThe Blackhouse, Arnol
53.4%
Perthshire, Kinross & AngusEdzell Castle and Garden
52.1%
Orkney Islands & ShetlandThe Bishop's and Earl's Palaces, Kirkwall
52.1%
Glasgow, Clyde & AyrshireNewark Castle
50.7%
Glasgow, Clyde & AyrshireRothesay Castle
50.7%
Perthshire, Kinross & AngusStanley Mills
50.7%
North & GrampianDuff House
50.7%
Edinburgh & the LothiansTrinity House Maritime Museum
49.3%
North & GrampianBalvenie Castle
49.3%
Central & WestArgyll's Lodging
46.6%
North & GrampianDallas Dhu Historic Distillery
46.6%
Central & WestBonawe Historic Iron Furnace
45.2%
North & GrampianCorgarff Castle
42.5%
North & GrampianTolquhon Castle
42.5%
The Western IslesKisimul Castle
42.5%
Orkney Islands & ShetlandBrough of Birsay
42.5%
Dumfries & GallowayMacLellan's Castle
41.1%
Glasgow, Clyde & AyrshireCraignethan Castle
41.1%
The Western IslesCalanais Standing Stones
41.1%
Dumfries & GallowayDundrennan Abbey
38.4%
Perthshire, Kinross & AngusMeigle Sculptured Stone Museum
38.4%
Orkney Islands & ShetlandHackness Martello Tower and Battery
37%
Dumfries & GallowayCardoness Castle
35.6%
Perthshire, Kinross & AngusSt Vigeans Sculptured Stones
35.6%
Glasgow, Clyde & AyrshireDundonald Castle
34.2%
Perthshire, Kinross & AngusSt Serf's Church and Dupplin Cross
34.2%
Dumfries & GallowayGlenluce Abbey
31.5%
Dumfries & GallowayWhithorn Priory and Museum
31.5%
North & GrampianKildrummy Castle
31.5%
North & GrampianKinnaird Head Castle and Lighthouse and the Museum of Scottish Lighthouses
27.4%
Glasgow, Clyde & AyrshireCrossraguel Abbey
23.3%
Come Together.
Have Fun.
All Virtual.
We all need to come together. Play Sporcle's virtual live trivia to have fun, connect with people, and get your trivia on. Join a live hosted trivia game for your favorite pub trivia experience done virtually. If a virtual private party is more your thing, go here for details.

You're not logged in!

Compare scores with friends on all Sporcle quizzes.
OR
Log In

Sporcle TV

Today on Sporcle TV


Watch our educational content, quiz creation guides, and fun videos on Sporcle TV.

Show Comments

Extras

Top Quizzes Today


Score Distribution

Paid Content

Your Account Isn't Verified!

In order to create a playlist on Sporcle, you need to verify the email address you used during registration. Go to your Sporcle Settings to finish the process.

Report this User

Report this user for behavior that violates our Community Guidelines.

Details: